Návrh opatrení na zlepšenie výberu a získavanie zamestnancov v podniku AQUATING s.r.o. Trnava = Suggestion of actions for improving the selection and hiring of employees in the company AQUATING s.r.o. Trnava : Bakalárska práca

Uložené v:
Podrobná bibliografia
Hlavný autor: Pokrývková, Stanislava, 1966- (Autor)
Ďalší autori: Šujanová, Jana, 1961- (xxx)
Médium: Rukopis Kniha
Jazyk:Slovak
Vydavateľské údaje: Trnava : STU v Bratislave MTF UPMK, 2008
Predmet:
Tagy: Pridať tag
Žiadne tagy, Buďte prvý, kto otaguje tento záznam!

MARC

LEADER 00000ntm a22000003a 4500
001 stu174449
005 20160719155923.8
008 081027s2008----xo------------------slo-d
040 |a STU  |b slo 
041 0 |a slo 
044 |a xo 
100 1 |a Pokrývková, Stanislava,  |d 1966-  |4 aut  |X 31487  |7 A000031487 
245 1 |a Návrh opatrení na zlepšenie výberu a získavanie zamestnancov v podniku AQUATING s.r.o. Trnava = Suggestion of actions for improving the selection and hiring of employees in the company AQUATING s.r.o. Trnava :  |b Bakalárska práca 
260 |a Trnava :  |b STU v Bratislave MTF UPMK,  |c 2008 
300 |a 53 s  |c príl (1 CD-ROM) 
500 |a Odbor: priemyselné inžinierstvo a manažment 
650 7 |a personálny manažment  |2 stusub 
700 1 |a Šujanová, Jana,  |d 1961-  |4 xxx  |u M4000  |U MTF Materiálovotechnologická fakulta  |T MTF Ústav priemyselného inžinierstva a manažmentu  |X 2306  |U M4000  |Y 84  |7 A000002306 
996 |b 284M068980  |c M*BP-3702  |l MMSKP  |s P  |a 0  |w stu174449_0001